Регионална библиотека "Любен Каравелов" - Русе

Донесете досието на Леон Таджер (Запис номер 151257)

MARC детайли
000 -Лидер
Контролно поле с фиксирана дължина 01666nam a2200409 c 4500
003 - Код на организацията, давaща контролен номер
Контролно поле BLK
005 - Дата и час на последна редакция
Контролно поле 20220221153647.0
008 - Елементи от данни с фиксирана дължина
fixed length control field 180410b bul|||||r ||||||| ||bul||
010 ## - Наследен системен номер
LC control number KNG00157643000
040 ## - Източник на каталожния запис
Идентификатор на билиотеката - собственик на записа BLK
041 ## - Код за език
Код за езика на текст/звукозапис или на отделно заглавие Български
Код за езика КДБФ Български
072 #7 - Код за тематичната категория
Код организация bullib
Код за тематична категория К
Текст Краезнание
080 ## - УДК
Текстов определител УДК Комунистически партии. Вж и 327.323
УДК код - определител по УДК 329.15
УДК определител (497.2)БКП(092)
УДК - код + определител 329.15(497.2)БКП(092)
080 ## - УДК
Текстов определител УДК Българска литература
УДК код - определител по УДК 821.163.2
УДК определител -32
УДК - код + определител 821.163.2-32
080 ## - УДК
Текстов определител УДК Член на БКП, партизанин, антифашист
УДК код - определител по УДК 929 Таджер, Леон Йосиф
УДК - код + определител 929 Таджер, Леон Йосиф
100 1# - Редна дума - Автор
Автор Станилова, Кръстина
Авторска отговорност първи автор
R(LIN) 331327
139 ## - Редно поле
Редна дума Станилова, Кръстина
Авторски знак Тадж - Т 18
245 10 - Сведения за заглавието
Заглавие Донесете досието на Леон Таджер
Подзаглавни данни Докум. повест за Леон Таджер
Редно поле (дума) Кръстина Станилова.
257 ## - Страна на издаване
Страна на създаване/издаване България
260 ## - Област на издателските данни
Име на издателя, разпространителя и проч. Партиздат
Година на издаване 1980
Печатница В. Търново : Д. Найденов
300 ## - Физическа характеристика
Страници 199 с.
Илюстрации и др. 1 л. портр.
Размери/Мащаб 16 см
380 ## - Жанр
Жанр Обществени науки
500 ## - Общи забележки
Забележка 8 115 тир.
600 14 - Име на лице, използвано като предмет
За него / За нея Таджер, Леон
9 (RLIN) 331310
650 #4 - Допълнително описание по предмет – тема
Основно описание – тема или топоним БКП - дейци
9 (RLIN) 242529
651 #4 - Допълнително описание по предмет - топоним
Географско понятие България
9 (RLIN) 241624
651 #4 - Допълнително описание по предмет - топоним
Географско понятие Русе
9 (RLIN) 179462
653 ## - Ключова дума – ненормативна
Ключова дума БКП
653 ## - Ключова дума – ненормативна
Ключова дума комунисти
653 ## - Ключова дума – ненормативна
Ключова дума Леон Таджер
659 ## - Тематичен бюлетин
Тематичен бюлетин К
852 ## - Местоположение
Форматна сигнатура Цб І 18139
852 ## - Местоположение
Форматна сигнатура К 329(092)/Т 18 Л
856 4# - Електронен адрес и достъп
Електронен формат pdf - файл
856 4# - Електронен адрес и достъп
Електронен формат pdf - файл
999 ## - СИСТЕМНИ КОНТРОЛНИ НОМЕРА
Koha biblionumber 151257
Koha biblioitemnumber 151257
942 ## - АРТИКУЛИ
Вид на библиотечния материал Книги
Скрит в OPAC Не
Периодичен библиозапис Да
944 ## - СЪЗДАВАНЕ И РЕДАКЦИЯ на ЗАПИСА
Създаване/Редакция Създаване
Дата на регистрацията/редакция 10.03.2014
Статус, дата на статуса 10.03.2014 - от С1,Р / 10.03.2014
Служител, извършил регистрацията/редакцията Валя_Йорданова
944 ## - СЪЗДАВАНЕ И РЕДАКЦИЯ на ЗАПИСА
Създаване/Редакция Редакция
Дата на регистрацията/редакция 11.03.2014
Статус, дата на статуса 10.03.2014 - от С1,Р / 10.03.2014
999 ## - СИСТЕМНИ КОНТРОЛНИ НОМЕРА
Koha biblioitemnumber 151257
Наличности
Код за отписване Код за изгубен артикул Източник на класификационната схема Код за повреда Коз за рестрикции Код за отдаване Артикулен № Име на библиотеката - собственик Име на библиотеката, в която се намира в момента Статус (Текущо местоположение) Дата на вписване в системата Местоположение - отдел Цена в лева Инвентарен номер Систематично азбучна сигнатура Баркод Номер на екземпляра Цена в евро Служебна бележка Служебен тип на артикула
  Не е изгубен Universal Decimal Classification Не е повреден без рестрикции ползва се в читалня 252677 Регионална библиотека "Любен Каравелов" Русе Регионална библиотека "Любен Каравелов" Русе Хранилище 1980-01-01 Хранилище 0.77 306088 Цб І 18139 120000306088 1 0.39 Дост: Dp Вид: Д N: Сф Дата: 01.01.1980 Книги
  Не е изгубен Universal Decimal Classification Не е повреден без рестрикции ползва се в читалня 252678 Регионална библиотека "Любен Каравелов" Русе Регионална библиотека "Любен Каравелов" Русе Краезнание 1980-01-01 Краезнание 0.77 306645 К 329(092)/Т 18 Л 120000306645 2 0.39 N: Сф Дата: 01.01.1980 Дата инв: 13.11.2017 Бележки инв: К2017 Книги
Vip Innovations Ltd, Rousse, Bulgaria 2025